|
|
|
|
| LEADER |
00729nam a22002057a 4500 |
| 001 |
AAL7005 |
| 003 |
BD-DhAAL |
| 005 |
20160111154813.0 |
| 008 |
160111m19951993naua|||| |||| 00| 0 eng d |
| 082 |
|
|
|a 372.4
|
| 245 |
|
|
|a Dream a world /
|
| 260 |
|
|
|a New York :
|b Macmillan/McGraw-Hill School Pub. Co.,
|c 1995.
|
| 300 |
|
|
|a 576 p. :
|b ill. ;
|c 28 cm.
|
| 490 |
|
|
|a New view.
|
| 541 |
|
|
|e 7005
|
| 650 |
|
|
|a Reading (Elementary)
|x Language experience approach.
|9 17292
|
| 650 |
|
|
|a Reading (Elementary)
|9 17293
|
| 942 |
|
|
|2 ddc
|c BK
|
| 999 |
|
|
|c 36580
|d 36580
|
| 952 |
|
|
|0 0
|1 0
|2 ddc
|4 0
|6 372_400000000000000_DRE
|7 0
|9 57563
|a SCL
|b SCL
|c GEN
|d 2016-01-11
|e Gift: The Asia Foundation
|l 1
|o 372.4 DRE
|p 3020007005
|r 2022-10-06
|s 2022-09-28
|t 1
|w 2016-01-11
|y BK
|